00736nam a2200241 a 450000100060000000300080000600500170001400800410003102000150007203500150008703500190010203500170012104000270013804100080016508200240017310000520019724500790024926000530032830000320038150000190041365000410043270000210047355517BD-RJUL20211209080257.0161119s1974 nyua b 001 0 eng  a0023761202 a0023761202 a(BD-RJUL)55640 aGLIS00074623 aDLCcDLCdBD-RJULbeng aeng 223a541.2bMAF 19741 aMaron, Samuel H.q(Samuel Herbert),d1908-1975.10aFundamentals of physical chemistry /cSamuel H. Maron and Jerome B. Lando. aNew York,bMacmillan Publishing Co.Inc.,cc1974. avii, 853 p.bill. ;c24 cm. aIncludes index 0aChemistry, Physical and theoretical.1 aLando, Jerome B.